000 00525nam a2200181Ia 4500
005 20250923144348.0
008 008 250917s9999 xx 000 0 eng d
037 _aTextual
040 _aDSWL
_beng
_cDSWL
041 _aeng
_2eng
084 _aZ56(L54:4)y8, N46
_qDSWL
100 _aJohnson, Bascom
_9824103
245 0 _aDigest of laws and regulation
_cby Bascom Johnson
260 _aNew York
_c1949
300 _a314 p.
942 _cTEXL
_hZ56(L54:4)y8, N46
999 _c1437912
_d1437912